Es verdadero el cristianismo?

Uloženo v:
Podrobná bibliografie
Hlavní autor: Arnheim, Michael (Autor)
Médium: Kniha
Jazyk:španělština
Vydáno: Barcelona Crítica 1985
Témata:
Tagy: Přidat tag
Žádné tagy, Buďte první, kdo vytvoří štítek k tomuto záznamu!

MARC

LEADER 00000nam a2200000 a 4500
001 UCX4253
003 CL-VaPUC
008 920403e19850000SP |||||||||||||||||spa|d
082 0 4 |a 200  |b ARN  |2 21 
100 0 |a Arnheim, Michael  |e author  |9 320370 
245 1 0 |a Es verdadero el cristianismo? 
300 |a 236 p 
942 |c BK 
945 |d 19920403 00:00:00 
260 |a Barcelona  |b Crítica  |c 1985 
650 7 |a CRISTIANISMO ORIGEN  |2 CL-VaPUC  |9 315867 
583 |a last modification  |c 19920403 00:00:00  |k Rodrigo Vera 
999 |c 224761  |d 224759 
952 |0 0  |1 2  |4 0  |6 200_000000000000000_ARN_1985  |7 0  |8 A  |9 221701  |a BIBTEO  |b BIBTEO  |d 2019-11-15  |i 2905620  |o 200 ARN 1985  |p 2905620  |r 2019-11-15  |w 2019-11-15  |x Descarte 2019  |y BK  |k ICR